000
00326nam a2200145Ia 4500
008
150201s2004 xx 000 0 und d
082
_a
616.757
_b
E04L
100
_a
LUTHRA , ATUL
245
_a
ECG FOR NURSES
250
_a
1ST
260
_b
JAYPEE
_a
DELHI
_c
2004
300
_a
197
650
_a
RADIOLOGY
942
_2
ddc
_c
BK
_0
4
999
_c
2106
_d
2106